Statistics for Team Canada at the Olympics - 2006 to 2014

Click here to take the quiz!

General Stats

  • This quiz has been taken 16 times
  • The average score is 25 of 51

Answer Stats

Answer % Correct
Sidney Crosby
88%
Martin Brodeur
75%
Joe Thornton
75%
Jarome Iginla
75%
Chris Pronger
75%
P.K. Subban
75%
Corey Perry
75%
Vincent Lecavalier
63%
Carey Price
63%
Jonathan Toews
63%
Martin St. Louis
63%
Chris Kunitz
63%
Ryan Getzlaf
63%
Roberto Luongo
63%
Ryan Smyth
63%
Duncan Keith
63%
Shea Weber
63%
Joe Sakic
50%
Mike Smith
50%
Adam Foote
50%
Rob Blake
50%
Jay Bouwmeester
50%
Brent Seabrook
50%
Scott Niedermayer
50%
Dan Boyle
50%
Jeff Carter
50%
Drew Doughty
50%
Alex Pietrangelo
50%
Patrice Bergeron
50%
Jamie Benn
50%
Patrick Marleau
50%
Rick Nash
50%
Marc-Édouard Vlasic
50%
John Tavares
50%
Matt Duchene
38%
Brad Richards
38%
Todd Bertuzzi
38%
Brenden Morrow
38%
Marc-André Fleury
38%
Dany Heatley
38%
Eric Staal
38%
Mike Richards
38%
Marty Turco
25%
Robyn Regehr
25%
Patrick Sharp
25%
Shane Doan
25%
Kris Draper
25%
Simon Gagné
25%
Dan Hamhuis
25%
Bryan McCabe
13%
Wade Redden
13%

Score Distribution

Percentile by Number Answered

Percent of People with Each Score

Your Score History

You have not taken this quiz